• 首页
  • 本馆介绍
  • 公告通知
  • 最新文献
  • 馆藏检索
  • 电子资源
  • 读者导购
  • 参考咨询
  • 我的图书馆
  • 登录
  • 详细信息显示
  • 放入我的书架
  • 预约/预借图书
  • 作者相关作品
  • 分类相关作品
  • 丛书相关作品
  • 出版社相关作品

书目信息

  • 表格格式
  • 工作单格式
  • 卡片格式
题名:
培根论说文集
    
 
作者: 培根 著 ;水天同 译
分册:  
出版信息: 北京   商务印书馆  1983
页数: 209页
开本: 21cm
丛书名:
单 册:
中图分类: B561.21
科图分类:
主题词: 培要,F.(1561~1626)--哲学 , 培要,F.(1561~1626)
电子资源:
ISBN:
000 00735nam0 2200265 45
001 0183005757
005 20050530110621.6
010    @dCNY0.99
091    @a2017.3
100    @a19950719d1983 em y0chiy0121 ea
101 1  @achi@ceng
102    @aCN@b110000
105    @ay z 000yy
200 10 @a培根论说文集@Apei gen lun shuo wen ji@f(英)弗·培根著@F(Ying)Fu·Pei Gen Zhu@g水天同译
205    @a2版
210    @a北京@c商务印书馆@d1983
215    @a209页@d21cm
606 0  @a培要,F.(1561~1626)@x哲学
606 0  @a培要,F.(1561~1626)
690    @aB561.21@v3
701  0 @a培根@4著
702  0 @a水天同@Ashui tian tong@4译
801  0 @aCN@b上海图书馆@c20040422
801  2 @aCN@bNLC@c20040422
905    @dB561.21@e3@f1@b97040
    
    培根论说文集/(英)弗·培根著/水天同译.-2版.-北京:商务印书馆,1983
    209页;21cm
    
    
    ISBN :CNY0.99
    
●
相关链接 在E读中查询图书 在五车中查询图书 在当当中查询图书 在豆瓣中查询图书


正题名:培根论说文集     索取号:B561.21/3         预约/预借

序号 登录号 条形码 馆藏地/架位号 状态 备注
1 0097038   000783049   第一借阅区/ [索取号:B561.21/3] 已借出,限还日期为2026.03.16
借出人:王雨轩  
 
2 0097039   001510172   第一借阅区/ [索取号:B561.21/3] 在馆    
3 0097040   000579001   第一样本阅览室/ [索取号:B561.21/3] 在馆    
唐山师范学院图书馆 欢迎您!
大连网信软件有限公司© 版权所有